01038nam a2200217Ia 450000500170000000800410001702000150005802000150007304000720008804100080016024501710016826000680033930000370040749000380044465000930048265000630057570000220063870000270066070000200068785601130070720240223145306.0130821s2005 xxua gr eng  a0759105057 a0759105065 aCo-BoUCMbspacDavid Moreno (modificó)dDavid Moreno (modificó)00aeng10aCommunities and conservation histories and politics of community-based natural resource managementcJ. Peter Brosius, Anna Lowenhaupt Tsing yCharles Zerner, editores aWalnut Creek (California, Estados Unidos)bAltaMira Pressc2005 aix, 489 Páginasbilustraciones 0aGlobalization and the Environment17aConservación de los recursos naturalesxParticipación ciudadanaxAccion comunitaria 17aRecursos naturales xParticipación ciudadanax Gestión1 aBrosius, J. Peter1 aTsing, Anna Lowenhaupt1 aZerner, Charles41zConsulte la tabla de contenido haciendo clic aquí.uhttp://www.loc.gov/catdir/toc/ecip051/2004022202.html